000 00570nam a22002297a 4500
003 UA-OsUOA
001 51891
007 ta
008 20080123b un ||||| |||| 00| 0 ukr d
100 _aДудінцев В.
090 _a821.161.1
_bД81
942 _cBK
040 _aUA-OsUOA
_bukr
_cUA-OsUOA
_dUA-OsUOA
245 _aБілі шати
300 _a613 с.
955 _a3
041 _aukr
080 _a821.161.1
260 _aК.
_bДніпро
_c1989
650 7 _a82 Література. Літературознавство
_2UDC
999 _c338001
_d338001